The Impact of War on Women in Wau Town Southern Sudan (Record no. 51474)

MARC details
000 -LEADER
fixed length control field 00496nam a22001577a 4500
008 - FIXED-LENGTH DATA ELEMENTS--GENERAL INFORMATION
fixed length control field 170919b xxu||||| |||| 00| 0 eng d
050 ## - LIBRARY OF CONGRESS CALL NUMBER
Classification number THE HQ 1793
Item number .K53 2011
100 ## - MAIN ENTRY--PERSONAL NAME
Personal name Kibiriti David
245 ## - TITLE STATEMENT
Title The Impact of War on Women in Wau Town Southern Sudan
Statement of responsibility, etc David Kibiriti
260 ## - PUBLICATION, DISTRIBUTION, ETC. (IMPRINT)
Place of publication, distribution, etc S't Paul's University
Name of publisher, distributor, etc S't Paul's University
Date of publication, distribution, etc 2011
300 ## - PHYSICAL DESCRIPTION
Extent xii,64pg
Other physical details ill,;
Dimensions 30cm
500 ## - GENERAL NOTE
General note Includes Bibliographies and References
650 ## - SUBJECT ADDED ENTRY--TOPICAL TERM
Topical term or geographic name as entry element War-women
650 ## - SUBJECT ADDED ENTRY--TOPICAL TERM
Topical term or geographic name as entry element War
942 ## - ADDED ENTRY ELEMENTS (KOHA)
Source of classification or shelving scheme Library of Congress Classification
Item type Thesis
Holdings
Withdrawn status Lost status Source of classification or shelving scheme Damaged status Not for loan Collection code Home library Current library Shelving location Date acquired Serial Enumeration / chronology Total Checkouts Full call number Barcode Date last seen Price effective from Koha item type
    Library of Congress Classification     Non-fiction Bishop Okullu Memorial Library (Limuru Campus) Bishop Okullu Memorial Library (Limuru Campus) Special Collection 19/09/2017 MDS   THE HQ 1793 .K53 2011 053102 19/09/2017 19/09/2017 Thesis